Культурологічні студії (Запис № 308102)

МАРК-запис
000 -Лідер
fixed length control field 00847nam a22002537a 4500
003 - Ідентифікатор контрольного номера
control field UA-OsUOA
001 - Контрольний номер
control field 21892
007 - Фіксоване поле фізичного опису
fixed length control field ta
008 - Елементи даних фіксованої довжини – загальна інформація
fixed length control field 20031215b un ||||| |||| 00| 0 ukr d
090 ## - Локальний шифр розміщення
Класифікаційний індекс УДК 050.9
Авторський знак (НП) К90
040 ## - Джерело каталогізації
Агенція оригінальної каталогізації UA-OsUOA
Мова каталогізації ukr
Агенція, яка здійснювала перезапис UA-OsUOA
Агенція, яка здійснювала модифікацію UA-OsUOA
041 ## - Код мови
Код мови тексту/ звукової доріжки чи окремого заголовка (П) ukr
080 ## - Індекс Універсальної десяткової класифікації
Індекс Універсальної десяткової класифікації (УДК) (НП) 050.9
020 ## - Міжнародний стандартний книжковий номер (ISBN)
Міжнародний стандартний книжковий номер (ISBN) (НП) 966-518-030-4
044 ## - Код країни видавця/ виробника
Код країни видавця/ виробника (П) UA
245 ## - Відомості про назву
Назва (НП) Культурологічні студії
Решта назви (НП) збірник наукових праць
Дані про відповідальність (НП) ред. О. І. Погорілий, О. Г. Колесников
260 ## - Публікація, розповсюдження і т.п. (Вихідні дані)
Місце публікації, розповсюдження і т.п. (П) К.
Ім’я/ наймення видавництва, розповсюджувача і т.п. (П) КМ Academia
Дата публікації, розповсюдження і т.п. (П) 1999
250 ## - Відомості про видання (редакцію)
-- Вип. 2
300 ## - Фізичний опис
Обсяг 320 с.
650 #7 - Додаткове предметне введення – тематичний термін
Тематичний термін чи географічна назва, як елемент введення (НП) 050 Серійні публікації. Періодика галузі, Організація та інші типи поєднання (співробітництва)
Джерело заголовка чи терміна UDC
942 ## - Додаткові елементи входу (Коха)
Тип елемента Koha Книги
955 ## - Код типу видання за змістом
Код типу видання за змістом (НП) Наукові видання
Фонди
Стан вилучень Стан втрат Джерело класифікації або схеми стелажів Стан уражень Не для кредиту Код колекції Постійне місце розташування Поточне розміщення Дата придбання Джерело придбання Вартість, звичайна ціна покупки Інвентарний номер Усього замовленно Повний номер виклику Штрих-код Дата останнього перегляду Ціна ефективна від Тип елемента Koha
    Universal Decimal Classification     Колекція Жулинського М.Г. АБ - Абонемент НБ АБ - Абонемент НБ 06/09/2017 34/2017 20.00 155129   050.9 К90 155129 06/02/2022 15/12/2003 Книги
    Universal Decimal Classification       ЧЗ - Читальна зала ЧЗ - Читальна зала 15/12/2003   5.00 62235   050.9 К90 62235 09/02/2022 15/12/2003 Книги
    Universal Decimal Classification       ЧЗ - Читальна зала ЧЗ - Читальна зала 15/12/2003   3.00 62283   050.9 К90 62283 09/02/2022 15/12/2003 Книги
    Universal Decimal Classification       ЧЗ - Читальна зала ЧЗ - Читальна зала 15/12/2003   5.00 62284   050.9 К90 62284 09/02/2022 15/12/2003 Книги
    Universal Decimal Classification       ЧЗ - Читальна зала ЧЗ - Читальна зала 15/12/2003   20.70 62285   050.9 К90 62285 09/02/2022 15/12/2003 Книги
    Universal Decimal Classification       ЧЗ - Читальна зала ЧЗ - Читальна зала 15/12/2003   20.70 62286   050.9 К90 62286 09/02/2022 15/12/2003 Книги